| 000 | 00712nam a22002057a 4500 | ||
|---|---|---|---|
| 999 |
_c189224 _d189224 |
||
| 005 | 20220622121344.0 | ||
| 010 | _aENG-133310 | ||
| 020 |
_a9789389146967 _c250.00 |
||
| 035 | _aEN-116842 | ||
| 037 | _bDBAD/PUB | ||
| 082 | _a954.1 | ||
| 245 |
_aNational Seminar On new India @ 75: _bSouth East Asian Education Trust/ _cEdited by T.N. Muthegowda, S. Raji and M. Hemavati |
||
| 260 |
_aMadurai _bShanlax Publications _c2019 |
||
| 270 |
_bMadurai _a61, 66 T.P.K. Main Road, Vasantha Nagar _mpublisher@shanlaxpublications.com _k7639303383 _e625003 |
||
| 300 |
_a182p. _c24cm(pbk) |
||
| 700 | _aMuthegowda, T.N. | ||
| 700 | _aRaji, S. | ||
| 700 | _aHemavati, M. | ||
| 942 |
_2ddc _cEN _h954.1 _mNAT |
||